[Event "British Rapidplay"]
[Site "Peterborough"]
[Date "2025.03.02"]
[Round "7.8"]
[White "Badacsonyi, Stanley"]
[Black "Khoury, Theo"]
[Result "0-1"]
[WhiteElo "2334"]
[BlackElo "2164"]
[PlyCount "110"]
[EventDate "2025.03.01"]
[EventType "swiss (rapid)"]
[EventRounds "11"]
[EventCountry "ENG"]
[SourceTitle "BritBase"]
[Source "John Saunders"]
[SourceDate "2025.03.03"]
[SourceVersion "1"]
[SourceVersionDate "2025.03.03"]
[SourceQuality "2"]

1. Nf3 d5 2. g3 Nd7 3. Bg2 e5 4. d3 Ngf6 5. O-O c6 6. c4 dxc4 7. dxc4 Bc5 8. Nc3 O-O 9. b3 Re8 10. Nd2 Qc7 11. Bb2 Nf8 12. Qc2 Be6 13. Rad1 Rad8 14. e3 Bg4 15. Rde1 Qd7 16. Nde4 Nxe4 17. Nxe4 Bb4 18. Rc1 Qd3 19. a3 Be7 20. Rfe1 Qxc2 21. Rxc2 Rd3 22. b4 f6 23. f4 Bf5 24. Rf2 exf4 25. exf4 Red8 26. h3 Rd1 27. Rfe2 Rxe1+ 28. Rxe1 Kf7 29. g4 Be6 30. Bf1 f5 31. gxf5 Bxf5 32. Ng5+ Bxg5 33. fxg5 Ne6 34. h4 Rd2 35. Be5 Nd4 36. Re3 Kg6 37. c5 Kh5 38. Bxg7 Kxh4 39. Bf6 Kg4 40. Bh3+ Kf4 41. Bxd4 Rxd4 42. Bxf5 Kxe3 43. Bc8 b6 44. cxb6 axb6 45. Bf5 Rd5 46. Bxh7 Rxg5+ 47. Kf1 Kd4 48. a4 Kc4 49. a5 bxa5 50. bxa5 Rxa5 51. Ke2 Kc3 52. Ke3 c5 53. Be4 c4 54. Bg6 Re5+ 55. Be4 Rxe4+ 0-1

[Event "British Rapidplay"]
[Site "Peterborough"]
[Date "2025.03.02"]
[Round "7.9"]
[White "Bowcott-Terry, Finlay"]
[Black "Banerjee, Supratit"]
[Result "1/2-1/2"]
[WhiteElo "2202"]
[BlackElo "2250"]
[PlyCount "86"]
[EventDate "2025.03.01"]
[EventType "swiss (rapid)"]
[EventRounds "11"]
[EventCountry "ENG"]
[SourceTitle "BritBase"]
[Source "John Saunders"]
[SourceDate "2025.03.03"]
[SourceVersion "1"]
[SourceVersionDate "2025.03.03"]
[SourceQuality "2"]

1. Nc3 d5 2. e4 dxe4 3. Nxe4 Nf6 4. Ng3 h5 5. Bc4 e6 6. d3 h4 7. N3e2 b6 8. h3 Bb7 9. Nf3 Nbd7 10. Bg5 Bxf3 11. gxf3 Ne5 12. Ng1 Nxc4 13. dxc4 Qxd1+ 14. Rxd1 Nd7 15. Bf4 O-O-O 16. Ne2 Be7 17. Nd4 Kb7 18. Nb5 a6 19. Nc3 g5 20. Bh2 Bb4 21. Ke2 Bxc3 22. bxc3 f6 23. f4 gxf4 24. Bxf4 Nc5 25. Kf3 Na4 26. Rhg1 e5 27. Be3 Nxc3 28. Rxd8 Rxd8 29. Rg4 f5 30. Rxh4 f4 31. Bc1 e4+ 32. Kg2 f3+ 33. Kh2 Nxa2 34. Bf4 Rd7 35. Be5 Re7 36. Bf6 Re6 37. Rf4 Nc1 38. h4 Ne2 39. Rf5 c5 40. h5 Nd4 41. Rf4 Ne2 42. Rf5 Nd4 43. Rf4 Ne2 1/2-1/2

[Event "British Rapidplay"]
[Site "Peterborough"]
[Date "2025.03.02"]
[Round "7.10"]
[White "Martin, Lewis"]
[Black "Sarakauskas, Gediminas"]
[Result "1/2-1/2"]
[WhiteElo "2050"]
[BlackElo "2323"]
[PlyCount "105"]
[EventDate "2025.03.01"]
[EventType "swiss (rapid)"]
[EventRounds "11"]
[EventCountry "ENG"]
[SourceTitle "BritBase"]
[Source "John Saunders"]
[SourceDate "2025.03.03"]
[SourceVersion "1"]
[SourceVersionDate "2025.03.03"]
[SourceQuality "2"]

1. e4 c5 2. Nf3 e6 3. d4 cxd4 4. Nxd4 a6 5. Nc3 b5 6. a3 Bb7 7. g3 Nf6 8. Bg2 b4 9. axb4 Bxb4 10. Qd3 O-O 11. O-O Bxc3 12. bxc3 d5 13. e5 Nfd7 14. f4 Nc5 15. Qe3 Nbd7 16. Ba3 Qc7 17. Rab1 Rfe8 18. Nb3 Na4 19. Bb4 d4 20. Qxd4 Bxg2 21. Kxg2 Ndb6 22. Rf3 Red8 23. Bd6 Qc4 24. Na5 Qa2 25. Rxb6 Nxb6 26. Qxb6 Qxc2+ 27. Kh3 Qf5+ 28. g4 Qe4 29. Kg3 h5 30. gxh5 Rdc8 31. c4 Qe1+ 32. Rf2 Qg1+ 33. Kh3 f5 34. exf6 Kh7 35. Qe3 gxf6 36. Qd3+ f5 37. Rg2 Qa7 38. Be5 Rg8 39. Rg5 Rad8 40. Qg3 Qd7 41. h6 Rxg5 42. fxg5 Kg6 43. Bf6 Rc8 44. Kh4 Qd1 45. Kh3 Rc5 46. h7 Qh5+ 47. Kg2 Kxh7 48. Qb8 Qe2+ 49. Kg1 Qe1+ 50. Kg2 Qd2+ 51. Kg1 Qe1+ 52. Kg2 Qe2+ 53. Kg1 1/2-1/2

[Event "British Rapidplay"]
[Site "Peterborough"]
[Date "2025.03.02"]
[Round "7.11"]
[White "Eckersley-Waites, Adam"]
[Black "Chopra, Manmay"]
[Result "1-0"]
[WhiteElo "2247"]
[BlackElo "2156"]
[PlyCount "101"]
[EventDate "2025.03.01"]
[EventType "swiss (rapid)"]
[EventRounds "11"]
[EventCountry "ENG"]
[SourceTitle "BritBase"]
[Source "John Saunders"]
[SourceDate "2025.03.03"]
[SourceVersion "1"]
[SourceVersionDate "2025.03.03"]
[SourceQuality "2"]

1. e4 Nc6 2. Nf3 g6 3. d4 d6 4. Bc4 Bg7 5. O-O Nf6 6. Qe2 Bg4 7. c3 e5 8. Rd1 Qe7 9. d5 Nb8 10. a4 a5 11. Na3 O-O 12. Nb5 Na6 13. h3 Bd7 14. Bg5 h6 15. Bh4 g5 16. Bg3 Bxb5 17. axb5 Nc5 18. Nd2 a4 19. Ra3 Nfd7 20. Rda1 Nb6 21. Bd3 Nxd3 22. Qxd3 Qe8 23. f3 Ra5 24. c4 f5 25. b4 Ra8 26. c5 Nd7 27. Bf2 b6 28. Qc4 g4 29. hxg4 fxg4 30. fxg4 Nf6 31. Qe2 Qg6 32. Rg3 Nd7 33. c6 Nf6 34. Raa3 Nh7 35. Nc4 Ng5 36. Bxb6 cxb6 37. Nxb6 Rab8 38. Nd7 Nxe4 39. Nxf8 Rxf8 40. Qd3 Bf6 41. Re3 Bd8 42. Qxe4 Qg5 43. Rf3 Bb6+ 44. Kh2 Rd8 45. Qf5 Qc1 46. Rf1 Qxa3 47. Qg6+ Kh8 48. Qxh6+ Kg8 49. Rf5 Bg1+ 50. Kxg1 Qc1+ 51. Qxc1 1-0

[Event "British Rapidplay"]
[Site "Peterborough"]
[Date "2025.03.02"]
[Round "7.12"]
[White "Bin-Suhayl, Ieysaa"]
[Black "Kanyamarala, Tarun"]
[Result "1/2-1/2"]
[WhiteElo "2219"]
[BlackElo "2389"]
[PlyCount "85"]
[EventDate "2025.03.01"]
[EventType "swiss (rapid)"]
[EventRounds "11"]
[EventCountry "ENG"]
[SourceTitle "BritBase"]
[Source "John Saunders"]
[SourceDate "2025.03.03"]
[SourceVersion "1"]
[SourceVersionDate "2025.03.03"]
[SourceQuality "2"]

1. Nf3 d5 2. d4 Nf6 3. c4 e6 4. g3 Bb4+ 5. Bd2 Be7 6. Bg2 Ne4 7. O-O c6 8. Bf4 Nd7 9. Qc2 f5 10. Nc3 g5 11. Bc1 h5 12. Ne5 Nxe5 13. dxe5 Qc7 14. f3 Bc5+ 15. e3 Nxc3 16. Qxc3 Qb6 17. Qd3 h4 18. Re1 hxg3 19. hxg3 Bd7 20. Rb1 a5 21. Bd2 Qa6 22. Bf1 Qa7 23. a3 a4 24. cxd5 cxd5 25. Bc3 Kf7 26. Bd4 b6 27. Rbc1 Rac8 28. Kg2 Rc7 29. Be2 Rhc8 30. g4 Bxd4 31. Rxc7 Qxc7 32. Qxd4 Qc5 33. Bd3 Bb5 34. Bxb5 Qxb5 35. gxf5 Rc2+ 36. Kg3 exf5 37. Rh1 Qc4 38. e6+ Kg6 39. Rh6+ Kxh6 40. Qf6+ Kh7 41. Qf7+ Kh6 42. Qf6+ Kh7 43. Qf7+ 1/2-1/2

[Event "British Rapidplay"]
[Site "Peterborough"]
[Date "2025.03.02"]
[Round "7.13"]
[White "Mirzoeva, Elmira"]
[Black "Larchikov, Maksym"]
[Result "1-0"]
[WhiteElo "2272"]
[BlackElo "2050"]
[PlyCount "125"]
[EventDate "2025.03.01"]
[EventType "swiss (rapid)"]
[EventRounds "11"]
[EventCountry "ENG"]
[SourceTitle "BritBase"]
[Source "John Saunders"]
[SourceDate "2025.03.03"]
[SourceVersion "1"]
[SourceVersionDate "2025.03.03"]
[SourceQuality "2"]

1. d4 Nf6 2. c4 e6 3. Nf3 d5 4. Nc3 Be7 5. Bg5 O-O 6. e3 h6 7. Bh4 b6 8. Qc2 Bb7 9. cxd5 Nxd5 10. Nxd5 Bxd5 11. Bxe7 Qxe7 12. Bd3 Qb4+ 13. Qd2 Qxd2+ 14. Kxd2 c5 15. e4 Bb7 16. dxc5 bxc5 17. Rhc1 Nd7 18. Ke3 Rfc8 19. Rc2 Kf8 20. Rac1 Rc7 21. b4 Rac8 22. Bb5 Bc6 23. Ba6 Rb8 24. bxc5 Rb4 25. Nd4 Bxe4 26. Kxe4 e5 27. Rc4 Rxc4 28. Rxc4 Nxc5+ 29. Kxe5 Nxa6 30. Rxc7 Nxc7 31. Kd6 Na8 32. Nc6 a6 33. Nb8 Nb6 34. Nxa6 Na4 35. Nc5 Nb2 36. a4 Nc4+ 37. Kc7 Ke7 38. Nb3 Ke6 39. a5 Kd5 40. a6 Na3 41. Kb7 Nb5 42. Kb6 Nd6 43. Nd2 Kd4 44. Kc6 Nc8 45. Kc7 Na7 46. Kb7 Nb5 47. Kb6 Nd6 48. Kc6 Nc8 49. Kc7 Na7 50. Nb3+ Kc4 51. Na5+ Kc5 52. Kb7 Nb5 53. Nb3+ Kc4 54. Kb6 Nd6 55. Na5+ Kd5 56. Nb7 Nc8+ 57. Kc7 Na7 58. Nd8 f5 59. Kb7 Nb5 60. Kb6 Nd6 61. Nf7 Nc4+ 62. Kc7 Na3 63. Nd6 1-0

[Event "British Rapidplay"]
[Site "Peterborough"]
[Date "2025.03.02"]
[Round "7.14"]
[White "Pritchett, Craig William"]
[Black "Andal, Edmond"]
[Result "1-0"]
[WhiteElo "2177"]
[BlackElo "2011"]
[PlyCount "131"]
[EventDate "2025.03.01"]
[EventType "swiss (rapid)"]
[EventRounds "11"]
[EventCountry "ENG"]
[SourceTitle "BritBase"]
[Source "John Saunders"]
[SourceDate "2025.03.03"]
[SourceVersion "1"]
[SourceVersionDate "2025.03.03"]
[SourceQuality "2"]

1. Nf3 e6 2. c4 f5 3. g3 Nf6 4. Bg2 Be7 5. O-O O-O 6. d4 d6 7. b3 Qe8 8. Bb2 a5 9. Nc3 Qh5 10. e3 Nbd7 11. Rc1 h6 12. Nd2 Qf7 13. f4 d5 14. cxd5 exd5 15. Nf3 c6 16. Qc2 Ne4 17. Nxe4 fxe4 18. Ne5 Nxe5 19. fxe5 Qh5 20. Rxf8+ Bxf8 21. Rf1 Be7 22. Qc1 Be6 23. a3 Bg5 24. Qd2 Bg4 25. Bc3 a4 26. bxa4 Rxa4 27. Bb4 Ra8 28. Qf2 Re8 29. h4 Bd8 30. Bd6 Qg6 31. Kh2 Qh5 32. Bh3 Bxh3 33. Kxh3 Qg6 34. a4 Qe6+ 35. Qf5 Qxf5+ 36. Rxf5 Ba5 37. Rf2 Rd8 38. h5 Re8 39. Kg4 Rd8 40. Rb2 Rd7 41. Kf5 Rf7+ 42. Ke6 Bd8 43. g4 Bg5 44. Re2 Bd8 45. Rb2 Bg5 46. Rb3 Bd8 47. Ra3 Bg5 48. a5 Rf3 49. a6 bxa6 50. Rxa6 Rxe3 51. Rxc6 Rf3 52. Kxd5 e3 53. Rc2 Rf2 54. Rc8+ Kh7 55. e6 Rd2 56. e7 Bxe7 57. Bxe7 e2 58. Bh4 Rd1 59. Re8 Rg1 60. Rxe2 Rxg4 61. Re4 Rg2 62. Be7 Rh2 63. Rh4 Rd2 64. Bd6 Kg8 65. Be5 Kf7 66. Rg4 1-0

[Event "British Rapidplay"]
[Site "Peterborough"]
[Date "2025.03.02"]
[Round "7.15"]
[White "Fava, Lorenzo"]
[Black "Cancedda-Dupuis, Livio"]
[Result "1/2-1/2"]
[WhiteElo "2306"]
[BlackElo "2053"]
[PlyCount "128"]
[EventDate "2025.03.01"]
[EventType "swiss (rapid)"]
[EventRounds "11"]
[EventCountry "ENG"]
[SourceTitle "BritBase"]
[Source "John Saunders"]
[SourceDate "2025.03.03"]
[SourceVersion "1"]
[SourceVersionDate "2025.03.03"]
[SourceQuality "2"]

1. c4 e5 2. Nc3 Nf6 3. e3 Nc6 4. Qb3 a6 5. g3 b6 6. Bg2 Bb7 7. Qd1 Bb4 8. Nge2 O-O 9. a3 Bxc3 10. Nxc3 Rb8 11. O-O Ne7 12. e4 Re8 13. d3 h6 14. b4 d6 15. Bb2 c5 16. b5 axb5 17. Nxb5 Nc6 18. f4 Nd4 19. a4 Qd7 20. h3 Bc6 21. Kh2 Ra8 22. Bxd4 cxd4 23. Qd2 Ra5 24. Qb4 Bxb5 25. axb5 Rea8 26. Rxa5 Rxa5 27. Rb1 Qc7 28. fxe5 dxe5 29. Rc1 Nd7 30. Qe7 Ra7 31. Rf1 Nf6 32. Qb4 Qe7 33. Qxe7 Rxe7 34. Ra1 Rb7 35. Ra8+ Kh7 36. h4 Nd7 37. Re8 f6 38. Bh3 Nc5 39. h5 Nxd3 40. Bc8 Rc7 41. Bf5+ g6 42. hxg6+ Kg7 43. Re6 Rb7 44. Rd6 Nb2 45. Rd8 Rc7 46. Kh3 Nxc4 47. Kg4 Ne3+ 48. Kf3 h5 49. Rd6 Rb7 50. Bc8 Rb8 51. Bf5 Rb7 52. Bc8 Rb8 53. Bf5 Rb7 54. Bc8 Rb8 55. Bf5 Rb7 56. Bc8 Rb8 57. Bf5 Rb7 58. Bc8 Rb8 59. Bf5 Rb7 60. Rd8 Nc4 61. Rc8 Nd6 62. Rc6 Nxb5 63. g4 d3 64. gxh5 Nd4+ 1/2-1/2

[Event "British Rapidplay"]
[Site "Peterborough"]
[Date "2025.03.02"]
[Round "7.16"]
[White "Siva, Mahadevan"]
[Black "Pilley, Jack"]
[Result "1-0"]
[WhiteElo "2369"]
[BlackElo "1975"]
[PlyCount "67"]
[EventDate "2025.03.01"]
[EventType "swiss (rapid)"]
[EventRounds "11"]
[EventCountry "ENG"]
[SourceTitle "BritBase"]
[Source "John Saunders"]
[SourceDate "2025.03.03"]
[SourceVersion "1"]
[SourceVersionDate "2025.03.03"]
[SourceQuality "2"]

1. e4 c6 2. d4 d5 3. exd5 cxd5 4. c4 Nf6 5. Nc3 Nc6 6. Bg5 e6 7. Nf3 Be7 8. Bd3 O-O 9. O-O dxc4 10. Bxc4 a6 11. a4 b6 12. Re1 Nd5 13. h4 h6 14. Bd2 Bf6 15. Re4 Na5 16. Ba2 Bb7 17. Rg4 h5 18. Rg3 Ne7 19. Ng5 g6 20. Nxe6 fxe6 21. Qxh5 Bd5 22. Bb1 Bg7 23. Rxg6 Nxg6 24. Bxg6 Rf6 25. Bg5 Ra7 26. Nxd5 exd5 27. Re1 Re7 28. Re5 Nc4 29. Qh7+ Kf8 30. Bh6 Rxg6 31. Rf5+ Rf7 32. Qh8+ Ke7 33. Rxf7+ Kxf7 34. Qxd8 1-0

[Event "British Rapidplay"]
[Site "Peterborough"]
[Date "2025.03.02"]
[Round "7.17"]
[White "Surtees, Michael J"]
[Black "Tanmay, Chopra"]
[Result "0-1"]
[WhiteElo "2099"]
[BlackElo "2357"]
[PlyCount "58"]
[EventDate "2025.03.01"]
[EventType "swiss (rapid)"]
[EventRounds "11"]
[EventCountry "ENG"]
[SourceTitle "BritBase"]
[Source "John Saunders"]
[SourceDate "2025.03.03"]
[SourceVersion "1"]
[SourceVersionDate "2025.03.03"]
[SourceQuality "2"]

1. e4 c5 2. d3 Nc6 3. f4 d5 4. c3 Nf6 5. e5 Ng8 6. h3 h5 7. g3 Bf5 8. a3 g5 9. b4 gxf4 10. gxf4 e6 11. Nf3 Nh6 12. b5 Ne7 13. Be3 Rc8 14. Qd2 Bh7 15. a4 Nhf5 16. Bf2 d4 17. c4 Bh6 18. h4 Ne3 19. Bxe3 dxe3 20. Qxe3 Nf5 21. Qc1 Ng3 22. Rh3 Nxf1 23. Kxf1 Qxd3+ 24. Kf2 Qf5 25. Qf1 Bxf4 26. Nc3 Bxe5 27. Rc1 Rg8 28. Ne2 Rd8 29. Qe1 Qxh3 0-1

[Event "British Rapidplay"]
[Site "Peterborough"]
[Date "2025.03.02"]
[Round "7.18"]
[White "Southcott-Moyers, Indy"]
[Black "Vashisht-Pigem, Raman"]
[Result "1-0"]
[WhiteElo "2227"]
[BlackElo "1965"]
[PlyCount "59"]
[EventDate "2025.03.01"]
[EventType "swiss (rapid)"]
[EventRounds "11"]
[EventCountry "ENG"]
[SourceTitle "BritBase"]
[Source "John Saunders"]
[SourceDate "2025.03.03"]
[SourceVersion "1"]
[SourceVersionDate "2025.03.03"]
[SourceQuality "2"]

1. d4 Nf6 2. c4 e6 3. Nf3 b6 4. a3 Bb7 5. Nc3 d5 6. cxd5 Nxd5 7. e3 Be7 8. Bb5+ c6 9. Bd3 O-O 10. O-O Nd7 11. e4 Nxc3 12. bxc3 c5 13. a4 Nf6 14. Qe2 Rc8 15. Bb2 Qc7 16. Ne5 Nd7 17. f4 Rfd8 18. Rac1 Bd6 19. Nxf7 Kxf7 20. e5 g6 21. f5 exf5 22. Bxf5 gxf5 23. Rxf5+ Kg8 24. Qg4+ Kh8 25. exd6 Qxd6 26. dxc5 Qg6 27. c4+ Kg8 28. Rg5 Nf8 29. Rxg6+ Nxg6 30. Qe6+ 1-0

[Event "British Rapidplay"]
[Site "Peterborough"]
[Date "2025.03.02"]
[Round "7.20"]
[White "Deva, Chetan"]
[Black "Manley, Jonathan P"]
[Result "1/2-1/2"]
[WhiteElo "2181"]
[BlackElo "2090"]
[PlyCount "152"]
[EventDate "2025.03.01"]
[EventType "swiss (rapid)"]
[EventRounds "11"]
[EventCountry "ENG"]
[SourceTitle "BritBase"]
[Source "John Saunders"]
[SourceDate "2025.03.03"]
[SourceVersion "1"]
[SourceVersionDate "2025.03.03"]
[SourceQuality "2"]

1. d4 d5 2. Bf4 Nf6 3. e3 e6 4. c3 Bd6 5. Nf3 c5 6. Bg3 Nc6 7. Nbd2 O-O 8. Bd3 b6 9. O-O Bb7 10. Qe2 Rc8 11. Ne5 Qc7 12. f4 Ne7 13. Bh4 Ne4 14. Nxe4 dxe4 15. Bb5 f6 16. Nc4 Nf5 17. Bf2 Be7 18. g4 Nd6 19. Nxd6 Bxd6 20. Bc4 Bd5 21. Ba6 Rcd8 22. Bg3 c4 23. b3 cxb3 24. c4 b2 25. Rab1 Ba8 26. Rxb2 Rfe8 27. Rc2 Qe7 28. Bb5 Rf8 29. Ba4 Bb7 30. Bb3 Kh8 31. Rfc1 Rc8 32. Qg2 Ba3 33. Rd1 Bd6 34. Bh4 Rc7 35. Qh3 Qe8 36. g5 Qh5 37. Rg2 fxg5 38. Rxg5 Qh6 39. Qg4 Rf5 40. Rxf5 exf5 41. Qg3 Be7 42. Bg5 Qg6 43. Qh4 h6 44. d5 Bxg5 45. fxg5 Qxg5+ 46. Qxg5 hxg5 47. d6 Rd7 48. Ba4 Rd8 49. d7 Kg8 50. Rf1 g6 51. Rd1 Ba6 52. Rd6 Bxc4 53. Rxg6+ Kf7 54. Rxg5 Be6 55. Rh5 Bxd7 56. Bxd7 Rxd7 57. Rxf5+ Ke6 58. Rf2 Rd3 59. Re2 b5 60. Kf2 b4 61. Rb2 a5 62. Ke2 Rc3 63. Rd2 Ke5 64. h4 a4 65. Rb2 b3 66. axb3 axb3 67. Rb1 Kf5 68. Rh1 b2 69. Kd2 Rd3+ 70. Kc2 Rxe3 71. Kxb2 Kg6 72. h5+ Kh6 73. Kc2 Rd3 74. Rh4 Rd4 75. Rh3 Rd5 76. Re3 Kxh5 1/2-1/2

[Event "British Rapidplay"]
[Site "Peterborough"]
[Date "2025.03.02"]
[Round "7.21"]
[White "Vijayakumar, Rishi"]
[Black "Rushbrooke, Remy"]
[Result "0-1"]
[WhiteElo "2311"]
[BlackElo "2094"]
[PlyCount "57"]
[EventDate "2025.03.01"]
[EventType "swiss (rapid)"]
[EventRounds "11"]
[EventCountry "ENG"]
[SourceTitle "BritBase"]
[Source "John Saunders"]
[SourceDate "2025.03.03"]
[SourceVersion "1"]
[SourceVersionDate "2025.03.03"]
[SourceQuality "2"]

1. d4 g6 2. e4 Bg7 3. Nc3 d6 4. Be3 a6 5. h4 h6 6. Qd2 b5 7. Nf3 Bb7 8. a3 Nd7 9. Be2 c5 10. d5 Ngf6 11. Bd3 Ng4 12. Bf4 O-O 13. Nh2 Nxh2 14. Rxh2 h5 15. g4 Nf6 16. f3 Bc8 17. O-O-O hxg4 18. h5 Nxh5 19. Bh6 e5 20. Rdh1 b4 21. Ne2 bxa3 22. bxa3 f6 23. Bxg7 Kxg7 24. Ng3 Rh8 25. Nxh5+ gxh5 26. Rxh5 Rxh5 27. Rxh5 Qg8 28. Qa5 Qf7 29. Rh1 0-1

[Event "British Rapidplay"]
[Site "Peterborough"]
[Date "2025.03.02"]
[Round "7.22"]
[White "Fairhurst, Frederick"]
[Black "Fellowes, Billy"]
[Result "0-1"]
[WhiteElo "1798"]
[BlackElo "2203"]
[PlyCount "76"]
[EventDate "2025.03.01"]
[EventType "swiss (rapid)"]
[EventRounds "11"]
[EventCountry "ENG"]
[SourceTitle "BritBase"]
[Source "John Saunders"]
[SourceDate "2025.03.03"]
[SourceVersion "1"]
[SourceVersionDate "2025.03.03"]
[SourceQuality "2"]

1. e4 Nc6 2. Nf3 d6 3. Nc3 Nf6 4. d4 g6 5. Be2 Bg7 6. Be3 O-O 7. Qd2 e5 8. dxe5 dxe5 9. O-O-O Bg4 10. h3 Bxf3 11. Qxd8 Rfxd8 12. Bxf3 Ne8 13. Be2 Nd4 14. Bc4 Nd6 15. Bb3 c6 16. f3 b5 17. Bxd4 exd4 18. Ne2 Nc4 19. Bxc4 bxc4 20. Nf4 Rab8 21. b3 Bh6 22. g3 c3 23. Kb1 c5 24. Nd5 Kf8 25. f4 a5 26. Rhf1 a4 27. Rd3 Bg7 28. Kc1 f5 29. Nc7 fxe4 30. Ne6+ Kg8 31. Nxd8 exd3 32. Nc6 axb3 33. axb3 Ra8 34. Kb1 Ra1+ 35. Kxa1 dxc2 36. Ne5 Bxe5 37. fxe5 d3 38. e6 d2 0-1

[Event "British Rapidplay"]
[Site "Peterborough"]
[Date "2025.03.02"]
[Round "7.23"]
[White "Verbytski, Oleg"]
[Black "Hughes, Roy"]
[Result "1-0"]
[WhiteElo "2111"]
[BlackElo "2004"]
[PlyCount "67"]
[EventDate "2025.03.01"]
[EventType "swiss (rapid)"]
[EventRounds "11"]
[EventCountry "ENG"]
[SourceTitle "BritBase"]
[Source "John Saunders"]
[SourceDate "2025.03.03"]
[SourceVersion "1"]
[SourceVersionDate "2025.03.03"]
[SourceQuality "2"]

1. e4 d5 2. exd5 Qxd5 3. Nc3 Qd6 4. d4 Nf6 5. Nf3 c6 6. Ne5 Nbd7 7. Nc4 Qc7 8. a4 Nb6 9. Ne5 Nbd5 10. Nxd5 cxd5 11. Bf4 Qa5+ 12. c3 a6 13. Bd3 g6 14. O-O Bg7 15. Qd2 O-O 16. Rfe1 Re8 17. Bh6 Bh8 18. Qg5 Ne4 19. Qf4 f6 20. Nf3 f5 21. Ng5 e5 22. dxe5 Bxe5 23. Qh4 Qb6 24. Nxh7 Bd7 25. Be3 Qd6 26. f4 Bh8 27. Bxe4 fxe4 28. Ng5 Qe7 29. Rad1 Bc6 30. Rf1 Bf6 31. f5 Bxg5 32. Bxg5 Qh7 33. f6 Qxh4 34. f7+ 1-0

[Event "British Rapidplay"]
[Site "Peterborough"]
[Date "2025.03.02"]
[Round "7.24"]
[White "Keerthi Kumar, Advait"]
[Black "Patel, Zain"]
[Result "1/2-1/2"]
[WhiteElo "1823"]
[BlackElo "2079"]
[PlyCount "91"]
[EventDate "2025.03.01"]
[EventType "swiss (rapid)"]
[EventRounds "11"]
[EventCountry "ENG"]
[SourceTitle "BritBase"]
[Source "John Saunders"]
[SourceDate "2025.03.03"]
[SourceVersion "1"]
[SourceVersionDate "2025.03.03"]
[SourceQuality "2"]

1. e4 e5 2. Nf3 Nc6 3. Bc4 Nf6 4. d3 Bc5 5. O-O O-O 6. c3 d5 7. exd5 Nxd5 8. Re1 Nb6 9. Bb3 Bg4 10. h3 Bh5 11. Qe2 Qf6 12. Nbd2 Bg6 13. Ne4 Bxe4 14. dxe4 h6 15. Be3 Bxe3 16. Qxe3 Rad8 17. Rad1 Rxd1 18. Rxd1 Rd8 19. Rxd8+ Qxd8 20. Qd2 Qxd2 21. Nxd2 a5 22. Kf1 Kf8 23. Ke2 a4 24. Bc2 Ke7 25. Bd3 Kd6 26. Nc4+ Nxc4 27. Bxc4 Nd8 28. Bb5 a3 29. b3 c6 30. Bd3 Ne6 31. g3 Nc5 32. Bc2 b5 33. Ke3 Ne6 34. Bd3 b4 35. cxb4 Nd4 36. f4 Nxb3 37. Bc4 Nd4 38. Bxf7 Nc2+ 39. Kd2 Nxb4 40. Kc3 Na6 41. Bc4 Nc5 42. Bd3 Ne6 43. f5 Ng5 44. h4 Nf3 45. Be2 Nd4 46. Bd1 1/2-1/2

[Event "British Rapidplay"]
[Site "Peterborough"]
[Date "2025.03.02"]
[Round "7.25"]
[White "Davis, Colin J"]
[Black "Alizada, Eldar"]
[Result "1-0"]
[WhiteElo "1987"]
[BlackElo "1997"]
[PlyCount "155"]
[EventDate "2025.03.01"]
[EventType "swiss (rapid)"]
[EventRounds "11"]
[EventCountry "ENG"]
[SourceTitle "BritBase"]
[Source "John Saunders"]
[SourceDate "2025.03.03"]
[SourceVersion "1"]
[SourceVersionDate "2025.03.03"]
[SourceQuality "2"]

1. d3 d5 2. g3 Nf6 3. Bg2 e6 4. f4 Be7 5. Nf3 O-O 6. O-O b6 7. e4 dxe4 8. Ng5 Bb7 9. Nxe4 Nxe4 10. dxe4 Qxd1 11. Rxd1 Rd8 12. Rxd8+ Bxd8 13. Be3 Na6 14. Nd2 Be7 15. a3 Bc5 16. Kf2 Rd8 17. Nb3 Bxe3+ 18. Kxe3 c5 19. Nd2 Kf8 20. Nc4 Ke7 21. Bf3 Rd4 22. Nd2 Nc7 23. b4 Na6 24. c3 Rd7 25. b5 Nc7 26. a4 Ne8 27. a5 Nd6 28. Be2 f6 29. g4 e5 30. fxe5 fxe5 31. Bc4 Rd8 32. axb6 axb6 33. Ra7 Ra8 34. Rxa8 Bxa8 35. Bd3 h6 36. h4 g5 37. h5 Bb7 38. Be2 Bc8 39. Kf3 Bd7 40. c4 Ne8 41. Nb1 Nf6 42. Nc3 Bxg4+ 43. Ke3 Bxe2 44. Kxe2 Kd6 45. Kf3 Nxh5 46. Nd5 Nf4 47. Nxb6 h5 48. Nc8+ Kd7 49. Nb6+ Kd6 50. Nc8+ Kd7 51. Nb6+ Kc7 52. Na4 Kd6 53. Nc3 g4+ 54. Kg3 Nd3 55. Nd5 Nb2 56. Ne3 Nd3 57. Kh4 Ne1 58. Kxh5 g3 59. Nf5+ Ke6 60. Nxg3 Nf3 61. Nf5 Nd2 62. b6 Kd7 63. b7 Kc7 64. Nd6 Nb3 65. Kg5 Na5 66. Kf6 Nc6 67. Ke6 Nd8+ 68. Kxe5 Nc6+ 69. Kd5 Kb6 70. e5 Nb4+ 71. Ke6 Kc7 72. Ne4 Kxb7 73. Nxc5+ Kc7 74. Ne4 Kc6 75. Kf6 Na6 76. e6 Nc7 77. e7 Kd7 78. Kf7 1-0

[Event "British Rapidplay"]
[Site "Peterborough"]
[Date "2025.03.02"]
[Round "7.26"]
[White "Brett, Andrew R"]
[Black "Yu, Rock"]
[Result "1-0"]
[WhiteElo "2060"]
[BlackElo "2048"]
[PlyCount "111"]
[EventDate "2025.03.01"]
[EventType "swiss (rapid)"]
[EventRounds "11"]
[EventCountry "ENG"]
[SourceTitle "BritBase"]
[Source "John Saunders"]
[SourceDate "2025.03.03"]
[SourceVersion "1"]
[SourceVersionDate "2025.03.03"]
[SourceQuality "2"]

1. d4 Nf6 2. c4 e6 3. Nf3 a6 4. Nc3 d5 5. cxd5 exd5 6. Bg5 Be6 7. Qc2 Nbd7 8. e3 Bd6 9. Bd3 Qb8 10. Bf4 c6 11. Bxd6 Qxd6 12. O-O h6 13. Ne2 Rc8 14. Ng3 g6 15. Rac1 Kf8 16. Kh1 Kg7 17. Ne5 Nxe5 18. dxe5 Qxe5 19. f4 Qd6 20. f5 gxf5 21. Nxf5+ Bxf5 22. Rxf5 Ng4 23. Rf4 Ne5 24. Rcf1 Rhf8 25. Bf5 Rce8 26. Qf2 Ng6 27. Qg3 Qe7 28. Rg4 Qxe3 29. Rxg6+ Kh8 30. Qxe3 Rxe3 31. Rxh6+ Kg7 32. Rh3 Rxh3 33. Bxh3 Re8 34. Bg4 Re4 35. Bf3 Rb4 36. Rf2 Rc4 37. h3 d4 38. Rd2 b5 39. Kh2 c5 40. Be4 Rc1 41. Kg3 Kf6 42. Kf4 Rf1+ 43. Bf3 Ke6 44. g4 Ra1 45. a3 a5 46. Be2 Kd5 47. Bf3+ Kd6 48. h4 b4 49. axb4 axb4 50. h5 c4 51. Rxd4+ Kc5 52. Rd5+ Kb6 53. h6 c3 54. bxc3 bxc3 55. Rd1 Ra4+ 56. Be4 1-0